000 00853nam a22002657a 4500
003 dpl
005 20180809132815.0
008 180809b xxu||||| |||| 00| 0 eng d
010 _aA-943880
020 _c00.00
_a8170249635
035 _aA-943880, A-943883
037 _bCen Lib/Ret
040 _aDPL
_bEN
_c0
082 _a305.4
_bUSH
100 _aUsha Devi R.
_99448
245 _aDivorced women :
_cby Usha Devi R.
_bsocio-psychological problems /
246 _b
260 _bA. P. H. Publishing Corporation
_c1998
_aNew Delhi
270 _bNew Delhi
_a5, Ansari Road, Darya Ganj
_e110002
300 _aviii,170p.
_c21cm(Hb)
500 _aIncludes bibliographical references and index
650 _aDivorced women--Conduct of life
_99449
650 _aAdjustment (Psychology)
_99450
942 _2ddc
_cEN
_h30305.4
_mUSH
999 _c124128
_d124128